| 000 | 01071nam a2200313 i 4500 | ||
|---|---|---|---|
| 001 | 000044989 | ||
| 003 | DO-SdBNP | ||
| 005 | 20260325130658.0 | ||
| 007 | ta | ||
| 008 | 150128s1990 dr a 000 0 spa d | ||
| 040 |
_aDO-SdBNP _bspa _cBNPHU _erda |
||
| 041 | _aspa | ||
| 082 | 4 |
_axxx _bS787 _222 |
|
| 100 | 1 |
_aStanley, Avelino, _d1959- _eautor _4aut. _91536 |
|
| 245 | 1 | 0 |
_aPersonajes de nuestra historia / _cAvelino Stanley ; selección, Carlos Sánchez ; ilustraciones, Julio César Martínez. |
| 250 | _aprimera edición | ||
| 264 | 1 |
_aSanto Domingo : _bSusaeta Ediciones, _c1990. |
|
| 300 |
_a132 páginas : _bilustraciones ; _c21 cm. |
||
| 336 |
_atexto _btxt _2rdacontent |
||
| 337 |
_asin mediación _bn _2rdamedia |
||
| 338 |
_avolumen _bnc _2rdacarrier |
||
| 490 | 1 | _aBiblioteca Susaeta | |
| 500 | _aIncluye breve biografía de los autores en la página 2. | ||
| 590 | _aInventariado, 2024/ YL | ||
| 700 | 1 |
_aSánchez, Carlos, _972998 _eselección |
|
| 700 | 1 |
_aMartínez, Julio César, _eilustrador _4il. _91263 |
|
| 910 | _aYLockward | ||
| 942 |
_2ddc _cLBS1 |
||
| 999 |
_c44478 _d44478 |
||